Life in an air castle ; nature studies in the tropics /

Bibliographic Details
Main Author: Chapman, Frank M. (Frank Michler), 1864-1945
Other Authors: Jaques, Francis Lee, 1887-1969
Format: Book
Language:English
Published: New York, London : D. Appleton-Century company, incorporated, 1938.
Subjects:

MARC

Tag First Indicator Second Indicator Subfields
LEADER 00000cam a2200000 4500
001 in00000042418
005 20151007072714.0
008 730131s1938 nyuaf b 00010 eng u
010 |a  38027851  
035 |a (OCoLC)00549776 
035 |9 AAE8406AM 
040 |c WSU  |d TXA  |d UtOrBLW 
049 |a TXAM  |c [316278] 
050 0 |a QH108  |b .C52 
092 |a 591.986  |b C466 
100 1 |a Chapman, Frank M.  |q (Frank Michler),  |d 1864-1945. 
245 1 0 |a Life in an air castle ;  |b nature studies in the tropics /  |c by Frank M. Chapman ... illustrated with drawings by Francis L. Jaques and from photographs by the author. 
264 1 |a New York,  |a London :  |b D. Appleton-Century company, incorporated,  |c 1938. 
300 |a xii pages, 1 ., 250 pages :  |b illustrations, XXXI plate on 16 . (including frontispiece) ;  |c 23 cm. 
336 |a text  |b txt  |2 rdacontent 
337 |a unmediated  |b n  |2 rdamedia 
338 |a volume  |b nc  |2 rdacarrier 
500 |a "A list of Barro Colorado birds" pages 223-243. 
500 |a Sequel to the author's My tropical air castle. cf. Foreword. 
504 |a "References": pages 219-221. 
650 0 |a Natural history  |z Panama  |z Barro Colorado Island. 
650 0 |a Zoology  |z Panama  |z Barro Colorado Island. 
650 0 |a Birds  |z Panama  |z Barro Colorado Island. 
700 1 |a Jaques, Francis Lee,  |d 1887-1969. 
999 |a MARS 
999 f f |s 4501bede-2b2e-34cf-aa4d-bbca7f56ec22  |i 499ca69e-0503-30fc-8313-82f6820efaf7  |t 0 
952 f f |p ric  |a Texas A&M University  |b Rellis Campus  |c Joint Library Facility  |d Remote Storage  |t 0  |e QH108 .C52  |h Library of Congress classification  |i unmediated -- volume  |m A14801009973 
998 f f |a QH108 .C52  |t 0  |l Remote Storage